000 00544nam a2200193Ia 4500
005 20250923145922.0
008 008 250917s9999 xx 000 0 eng d
037 _aTextual
040 _aDSWL
_beng
_cDSWL
041 _aeng
_2eng
084 _aLA0bYx2, N81;1
_qDSWL
245 0 _aSocial and cultural context of medicine in India
_c by Giri Gupta
260 _aNew Delhi
_bVikash
_c1981
300 _axxxi,356p.
365 _aINR
_b95.00
925 _g95.00
942 _cTEXL
_hLA0bYx2, N81;1
999 _c1457350
_d1457350